Histoire de la colonisation pénale et des établissements de l'Angleterre en Australie / (Record no. 152257)

MARC details
000 -LEADER
campo de control de longitud fija 00747nam a2200181 i 4500
001 - NÚMERO DE CONTROL
campo de control 152257
003 - IDENTIFICADOR DE NÚMERO DE CONTROL
campo de control ES-MaACL
005 - FECHA Y HORA DE LA ÚLTIMA TRANSACCIÓN
campo de control 20250819063105.0
008 - DATOS DE LONGITUD FIJA--INFORMACIÓN GENERAL
campo de control de longitud fija 990707s1859 fr |||| | fre d
100 1# - ENTRADA PRINCIPAL--NOMBRE DE PERSONA
Nombre de persona Blosseville, Ernest Poret de,
Fechas asociadas al nombre 1799-1886
9 (RLIN) 29568
245 10 - MENCIÓN DEL TÍTULO
Título Histoire de la colonisation pénale et des établissements de l'Angleterre en Australie /
Mención de responsabilidad, etc. par le Marquis de Blosseville.
260 ## - PUBLICACIÓN, DISTRIBUCIÓN, ETC.
Lugar de publicación, distribución, etc. Évreux :
Nombre del editor, distribuidor, etc. [s.n.],
Fecha de publicación, distribución, etc. 1859 (
Fabricante Imp. de Auguste Hérissey)
300 ## - DESCRIPCIÓN FÍSICA
Extensión XXXII, VIII, 569 p. ;
Dimensiones 22 cm.
650 #4 - PUNTO DE ACCESO ADICIONAL DE MATERIA--TÉRMINO DE MATERIA
Término de materia o nombre geográfico como elemento de entrada Colonias penitenciarias-
Subdivisión geográfica Australia.
9 (RLIN) 172349
650 #4 - PUNTO DE ACCESO ADICIONAL DE MATERIA--TÉRMINO DE MATERIA
Término de materia o nombre geográfico como elemento de entrada Establecimientos penitenciarios-
Subdivisión geográfica Gran Bretaña.
9 (RLIN) 141898
852 ## - LOCALIZACIÓN
Ubicación ES-MaACL
Número de control de estantería D-207
Nota libre - Enc. hol.
-- - Donativo Lastres
Holdings
Estatus retirado Estado de pérdida Estado de daño No para préstamo Colección Biblioteca de origen Biblioteca actual Ubicación en estantería Fecha de adquisición Fuente de adquisición Total de préstamos Signatura topográfica completa Código de barras Visto por última vez Precio de reemplazo Tipo de ítem Koha
        Libros del s. XIX Biblioteca del Ateneo de Madrid Biblioteca del Ateneo de Madrid Sala Valle Inclán 17/01/2008     D-207 901158961 23/02/2023 23/02/2023 Libro impreso antiguo